[Event "Oberliga Ost-B 1920"]
[Site "Germany"]
[Date "2019.11.16"]
[Round "2.1"]
[White "Kunin, Vitaly L"]
[Black "Gerhardt, Frank"]
[Result "1-0"]
[WhiteElo "2550"]
[BlackElo "2205"]
[PlyCount "89"]
[EventDate "2019.09.29"]
[EventType "team-tourn"]
[EventRounds "11"]
[EventCountry "GER"]
[SourceTitle "EXT 2021"]
[Source "ChessBase"]
[SourceDate "2020.10.23"]
[SourceVersion "1"]
[SourceVersionDate "2020.10.23"]
[SourceQuality "1"]
[WhiteTeam "Moerlenbach Birkenau"]
[BlackTeam "Liebschwitz"]
[WhiteTeamCountry "GER"]
[BlackTeamCountry "GER"]

1. d4 Nf6 2. c4 g6 3. Nc3 Bg7 4. e4 d6 5. h3 0-0 6. Bg5 c6 7. Nf3 Na6 8. Be2 h6 9. Be3 Nd7 10. Qc1 Kh7 11. 0-0 Nc7 12. Rd1 Qe8 13. d5 c5 14. a3 a6 15. b4 b5 16. Rb1 cxb4 17. axb4 bxc4 18. Bxc4 Bb7 19. Rd2 Rc8 20. Rc2 e5 21. dxe6 fxe6 22. Be2 d5 23. exd5 Nxd5 24. Nxd5 exd5 25. Rxc8 Qxc8 26. Qd1 Ne5 27. Rc1 Qd7 28. Bd4 Nxf3+ 29. Bxf3 Rd8 30. Qd3 Bxd4 31. Qxd4 Qd6 32. g3 Rd7 33. h4 Rc7 34. Rxc7+ Qxc7 35. h5 Qg7 36. hxg6+ Qxg6 37. Qa7 Qc6 38. Qb8 Qd7 39. Be2 Qe7 40. Bd3+ Kg7 41. Qa7 Kf7 42. Qb6 Ke8 43. Kh2 Qg7 44. Bg6+ Kf8 45. Qd8# 1-0

[Event "Oberliga Ost-B 1516"]
[Site "Germany"]
[Date "2016.04.09"]
[Round "10.3"]
[White "Weichhold, Pawel"]
[Black "Gerhardt, Frank"]
[Result "1/2-1/2"]
[WhiteElo "2415"]
[BlackElo "2125"]
[PlyCount "69"]
[EventDate "2015.09.20"]
[EventType "team-tourn"]
[EventRounds "11"]
[EventCountry "GER"]
[SourceTitle "EXT 2017"]
[Source "ChessBase"]
[SourceDate "2016.10.25"]
[SourceVersion "1"]
[SourceVersionDate "2016.10.25"]
[SourceQuality "1"]
[WhiteTeam "Heusenstamm"]
[BlackTeam "Liebschwitz"]
[WhiteTeamCountry "GER"]
[BlackTeamCountry "GER"]

1. e4 c5 2. Nf3 Nc6 3. d4 cxd4 4. Nxd4 Nf6 5. Nc3 e5 6. Ndb5 d6 7. Bg5 a6 8. Na3 b5 9. Bxf6 gxf6 10. Nd5 f5 11. Bxb5 axb5 12. Nxb5 Ra4 13. Nbc7+ Kd7 14. b4 Rxb4 15. 0-0 Rg8 16. g3 Rb7 17. Qh5 Qg5 18. Qxf7+ Be7 19. exf5 Rf8 20. Qxh7 Rxc7 21. f6 Rxf6 22. Nxf6+ Qxf6 23. c3 Qf3 24. Rad1 Nb4 25. Qh3+ Ke8 26. Qh8+ Kf7 27. Qh7+ Ke8 28. Qh8+ Bf8 29. Rxd6 Bb7 30. Qxe5+ Re7 31. Qb5+ Kf7 32. Qc4+ Ke8 33. Qb5+ Kf7 34. Qc4+ Ke8 35. Qb5+ 1/2-1/2

[Event "Oberliga Ost-B 1516"]
[Site "Germany"]
[Date "2016.02.20"]
[Round "9.3"]
[White "Gerhardt, Frank"]
[Black "Risius, Philipp"]
[Result "1-0"]
[WhiteElo "2125"]
[BlackElo "1922"]
[PlyCount "137"]
[EventDate "2015.09.20"]
[EventType "team-tourn"]
[EventRounds "11"]
[EventCountry "GER"]
[SourceTitle "EXT 2017"]
[Source "ChessBase"]
[SourceDate "2016.10.25"]
[SourceVersion "1"]
[SourceVersionDate "2016.10.25"]
[SourceQuality "1"]
[WhiteTeam "Liebschwitz"]
[BlackTeam "Giessen"]
[WhiteTeamCountry "GER"]
[BlackTeamCountry "GER"]

1. e4 g6 2. d4 Bg7 3. Nc3 d6 4. f4 a6 5. Nf3 b5 6. Be3 Nd7 7. Be2 Bb7 8. a3 Ngf6 9. Nd2 e5 10. fxe5 dxe5 11. d5 0-0 12. 0-0 Ne8 13. Nb3 Nd6 14. Na5 f5 15. exf5 gxf5 16. Qd2 f4 17. Bf2 Qe7 18. Bg4 e4 19. Be6+ Kh8 20. Qe1 e3 21. Bh4 Qe8 22. Nxb7 Nxb7 23. Bg5 Be5 24. Qh4 Ndc5 25. Bxf4 Bxf4 26. Rxf4 Nxe6 27. dxe6 Qxe6 28. Re1 Qb6 29. Nd5 Qc5 30. Nxe3 Rxf4 31. Qxf4 Rf8 32. Qb4 Rd8 33. Qxc5 Nxc5 34. Re2 Ne4 35. g3 Nd2 36. Kg2 c5 37. h4 c4 38. c3 Nb3 39. Nf5 Nc5 40. h5 Kg8 41. Kf3 Kf7 42. g4 Ne6 43. Rf2 Nc5 44. Nh6+ Kg7 45. Nf5+ Kf6 46. Nd4 Rd5 47. Kg3+ Kg7 48. Nf5+ Kh8 49. Re2 Rd3+ 50. Kh4 Kg8 51. Kg5 Rd7 52. h6 Kf7 53. Nd4 Rd5+ 54. Kh4 Kg6 55. Nf5 Kf6 56. Nd4 Kg6 57. Rf2 Re5 58. Rf8 Re1 59. Rg8+ Kf7 60. Rg7+ Kf8 61. Rxh7 Ne4 62. Rh8+ Kf7 63. g5 Rh1+ 64. Kg4 Rg1+ 65. Kf5 Nxg5 66. Ra8 Nh7 67. Ra7+ Kg8 68. Rg7+ Kh8 69. Rxg1 1-0

[Event "Oberliga Ost-B 1516"]
[Site "Germany"]
[Date "2016.01.17"]
[Round "7.3"]
[White "Urban, Lars"]
[Black "Gerhardt, Frank"]
[Result "1/2-1/2"]
[WhiteElo "2140"]
[BlackElo "2125"]
[PlyCount "45"]
[EventDate "2015.09.20"]
[EventType "team-tourn"]
[EventRounds "11"]
[EventCountry "GER"]
[SourceTitle "EXT 2017"]
[Source "ChessBase"]
[SourceDate "2016.10.25"]
[SourceVersion "1"]
[SourceVersionDate "2016.10.25"]
[SourceQuality "1"]
[WhiteTeam "Erfurt Empor"]
[BlackTeam "Liebschwitz"]
[WhiteTeamCountry "GER"]
[BlackTeamCountry "GER"]

1. d4 Nf6 2. c4 g6 3. f3 Bg7 4. e4 d6 5. Nc3 0-0 6. Be3 Nbd7 7. Nge2 c5 8. dxc5 dxc5 9. Qd2 Ne5 10. Nf4 Qxd2+ 11. Bxd2 e6 12. Be3 b6 13. 0-0-0 Ba6 14. Nb5 Rad8 15. Be2 Nc6 16. Kb1 Bxb5 17. cxb5 Nd4 18. Bxd4 cxd4 19. Nd3 Nd7 20. Rc1 Rc8 21. Rc6 Nb8 22. Rxc8 Rxc8 23. Rc1 1/2-1/2

[Event "Oberliga Ost-B 1516"]
[Site "Germany"]
[Date "2015.11.15"]
[Round "4.3"]
[White "Staller, Peter"]
[Black "Gerhardt, Frank"]
[Result "1/2-1/2"]
[WhiteElo "2244"]
[BlackElo "2125"]
[PlyCount "46"]
[EventDate "2015.09.20"]
[EventType "team-tourn"]
[EventRounds "11"]
[EventCountry "GER"]
[SourceTitle "EXT 2017"]
[Source "ChessBase"]
[SourceDate "2016.10.25"]
[SourceVersion "1"]
[SourceVersionDate "2016.10.25"]
[SourceQuality "1"]
[WhiteTeam "Nied"]
[BlackTeam "Liebschwitz"]
[WhiteTeamCountry "GER"]
[BlackTeamCountry "GER"]

1. e4 c5 2. Nf3 Nc6 3. b3 d6 4. Bb2 e5 5. Be2 Nf6 6. d3 Be7 7. 0-0 0-0 8. Nbd2 h6 9. Re1 Be6 10. Bf1 b5 11. g3 Qd7 12. Bg2 a5 13. a4 b4 14. Nc4 Rab8 15. Bc1 Rfe8 16. Nfd2 Bf8 17. Bb2 Be7 18. Nf1 Bd8 19. Nfe3 Nd4 20. Bxd4 exd4 21. Nd5 Bxd5 22. exd5 Bc7 23. Qf3 Qg4 1/2-1/2

[Event "Oberliga Ost-B 1314"]
[Site "Germany"]
[Date "2013.11.09"]
[Round "2.4"]
[White "Gerhardt, Frank"]
[Black "Mueller, Horst"]
[Result "1/2-1/2"]
[WhiteElo "2147"]
[BlackElo "2172"]
[PlyCount "113"]
[EventDate "2013.10.13"]
[EventType "team-tourn"]
[EventRounds "11"]
[EventCountry "GER"]
[SourceTitle "EXT 2015"]
[Source "ChessBase"]
[SourceDate "2014.11.20"]
[SourceVersion "1"]
[SourceVersionDate "2014.11.20"]
[SourceQuality "1"]
[WhiteTeam "Liebschwitz"]
[BlackTeam "Offenbach"]
[WhiteTeamCountry "GER"]
[BlackTeamCountry "GER"]

1. e4 c5 2. Nf3 d6 3. d4 cxd4 4. Nxd4 Nf6 5. Nc3 a6 6. f3 e5 7. Nb3 Be6 8. Be3 d5 9. exd5 Nxd5 10. Nxd5 Bxd5 11. Qd2 Nc6 12. 0-0-0 Be6 13. Qf2 Qc8 14. Kb1 Be7 15. c3 0-0 16. Nc5 Bf5+ 17. Bd3 Bxc5 18. Bxc5 Rd8 19. Bxf5 Qxf5+ 20. Qc2 Qe6 21. Rxd8+ Rxd8 22. Rd1 Rd5 23. Be3 g6 24. Rxd5 Qxd5 25. Qd2 Qxd2 26. Bxd2 f5 27. Kc2 Kf7 28. Kd3 Ke6 29. b4 Ne7 30. a4 f4 31. Be1 Nf5 32. Bf2 g5 33. c4 Nd6 34. c5 Ne8 35. Kc4 Nf6 36. b5 axb5+ 37. axb5 e4 38. fxe4 Nxe4 39. Bd4 g4 40. Kd3 Kd5 41. c6 bxc6 42. bxc6 Nd6 43. c7 h5 44. Bf6 Ke6 45. Bg5 Ke5 46. g3 fxg3 47. hxg3 Kd5 48. Ke3 Ke6 49. Bf4 Nc8 50. Ke4 Nb6 51. Kd4 Nc8 52. Kc5 Kd7 53. Kd5 Ne7+ 54. Ke4 Ng6 55. Kf5 h4 56. gxh4 Nxh4+ 57. Kxg4 1/2-1/2

[Event "Oberliga Ost-A 0607"]
[Site "Germany"]
[Date "2007.02.25"]
[Round "7.1"]
[White "Klawa, Patrick"]
[Black "Gerhardt, Frank"]
[Result "0-1"]
[WhiteElo "2306"]
[BlackElo "2159"]
[PlyCount "106"]
[EventDate "2006.10.15"]
[EventType "team-tourn"]
[EventRounds "11"]
[EventCountry "GER"]
[SourceTitle "EXT 2008"]
[Source "ChessBase"]
[SourceDate "2007.11.25"]
[SourceVersion "1"]
[SourceVersionDate "2007.11.25"]
[SourceQuality "1"]
[WhiteTeam "Coswig"]
[BlackTeam "Liebschwitz"]
[WhiteTeamCountry "GER"]
[BlackTeamCountry "GER"]

1. e4 c5 2. Nf3 Nc6 3. d3 e6 4. g3 d5 5. Nbd2 Nf6 6. Bg2 Be7 7. 0-0 b6 8. Re1 Bb7 9. e5 Nd7 10. Nf1 g5 11. h3 h5 12. N1h2 Qc7 13. Bxg5 Ncxe5 14. Qe2 Bxg5 15. Nxg5 0-0-0 16. Nhf3 Nxf3+ 17. Bxf3 Nf6 18. Qe5 Qxe5 19. Rxe5 Rdf8 20. Bg2 h4 21. g4 Nxg4 22. hxg4 f6 23. Nxe6 fxe5 24. Nxf8 Rxf8 25. Re1 Rf4 26. Rxe5 Rxg4 27. Kf1 Rd4 28. Ke2 Kc7 29. Re7+ Kc6 30. c4 Bc8 31. Bxd5+ Kd6 32. Rf7 Ke5 33. Be4 Be6 34. f4+ Kd6 35. Rf6 Ke7 36. Rh6 Bxc4 37. b3 Rxe4+ 38. Kd2 Rxf4 39. bxc4 Kf7 40. Ke3 Rg4 41. Kf3 Rd4 42. Ke3 Kg7 43. Rh5 Kg6 44. Rh8 Kf5 45. Rh7 Kg4 46. Rxa7 Kg3 47. a4 h3 48. Rg7+ Rg4 49. Rxg4+ Kxg4 50. Kf2 Kf4 51. d4 cxd4 52. c5 bxc5 53. a5 h2 0-1

[Event "Oberliga Ost-A 0607"]
[Site "Germany"]
[Date "2007.02.24"]
[Round "6.1"]
[White "Gerhardt, Frank"]
[Black "Feige, Manuel"]
[Result "0-1"]
[WhiteElo "2159"]
[BlackElo "2419"]
[PlyCount "80"]
[EventDate "2006.10.15"]
[EventType "team-tourn"]
[EventRounds "11"]
[EventCountry "GER"]
[SourceTitle "EXT 2008"]
[Source "ChessBase"]
[SourceDate "2007.11.25"]
[SourceVersion "1"]
[SourceVersionDate "2007.11.25"]
[SourceQuality "1"]
[WhiteTeam "Liebschwitz"]
[BlackTeam "Chemnitz"]
[WhiteTeamCountry "GER"]
[BlackTeamCountry "GER"]

1. e4 c5 2. Nf3 d6 3. d4 cxd4 4. Nxd4 Nf6 5. Nc3 a6 6. Bg5 e6 7. f4 Be7 8. Qf3 Nbd7 9. 0-0-0 Qc7 10. g4 h6 11. Bxf6 Bxf6 12. h4 Qb6 13. Nb3 Be7 14. g5 hxg5 15. fxg5 Ne5 16. Qg3 g6 17. Be2 Bd7 18. h5 gxh5 19. Rxh5 Rxh5 20. Bxh5 0-0-0 21. Rf1 Rg8 22. Bxf7 Rxg5 23. Qh3 Rg1 24. Bh5 Bg5+ 25. Kd1 Nc4 26. Ke2 Rg2+ 27. Ke1 Qe3+ 28. Qxe3 Nxe3 29. Rf8+ Kc7 30. Ne2 Nxc2+ 31. Kf1 Rh2 32. Be8 Bxe8 33. Rxe8 Ne3+ 34. Ke1 Bh4+ 35. Kd2 Nc4+ 36. Kc3 Rxe2 37. Kxc4 Rxe4+ 38. Kd3 Re1 39. Rh8 Bf6 40. Rh7+ Kb6 0-1

[Event "Oberliga Ost-A 0506"]
[Site "Germany"]
[Date "2005.12.11"]
[Round "4.6"]
[White "Gerhardt, Frank"]
[Black "Seifert, Volker"]
[Result "1/2-1/2"]
[WhiteElo "2127"]
[BlackElo "2294"]
[PlyCount "42"]
[EventDate "2005.11.13"]
[EventType "team-tourn"]
[EventRounds "11"]
[EventCountry "GER"]
[SourceTitle "EXT 2007"]
[Source "ChessBase"]
[SourceDate "2006.11.23"]
[SourceVersion "1"]
[SourceVersionDate "2006.11.23"]
[SourceQuality "1"]
[WhiteTeam "Liebschwitz"]
[BlackTeam "Dresden"]
[WhiteTeamCountry "GER"]
[BlackTeamCountry "GER"]

1. e4 e6 2. d4 d5 3. Nd2 Be7 4. Bd3 c5 5. dxc5 Nf6 6. exd5 Qxd5 7. Ngf3 Nbd7 8. Nb3 e5 9. Be2 Qxd1+ 10. Bxd1 e4 11. Nfd4 Nxc5 12. 0-0 0-0 13. Bg5 Na4 14. Rb1 Bd7 15. Re1 Rfe8 16. c3 Nd5 17. Bxe7 Rxe7 18. Bc2 Rae8 19. Na5 Nc5 20. Nc4 e3 21. Nxe3 Nxe3 1/2-1/2

[Event "Oberliga Ost-A 0405"]
[Site "Germany"]
[Date "2005.03.13"]
[Round "9.5"]
[White "Gerhardt, Frank"]
[Black "Spreng, Simon"]
[Result "0-1"]
[WhiteElo "2134"]
[BlackElo "2255"]
[PlyCount "80"]
[EventDate "2004.10.10"]
[EventType "team-tourn"]
[EventRounds "11"]
[EventCountry "GER"]
[SourceTitle "EXT 2006"]
[Source "ChessBase"]
[SourceDate "2005.11.24"]
[SourceVersion "1"]
[SourceVersionDate "2005.11.24"]
[SourceQuality "1"]
[WhiteTeam "Liebschwitz"]
[BlackTeam "Loeberitz"]
[WhiteTeamCountry "GER"]
[BlackTeamCountry "GER"]

1. e4 d6 2. d4 Nf6 3. Nc3 c6 4. Nf3 Bg4 5. Be2 Nbd7 6. Be3 e5 7. 0-0 Be7 8. Nd2 Bxe2 9. Qxe2 0-0 10. Rad1 Re8 11. f3 Qc7 12. Qf2 b5 13. Nb3 b4 14. Ne2 c5 15. c3 bxc3 16. bxc3 a5 17. Rb1 a4 18. Nd2 d5 19. Kh1 h6 20. Ng3 cxd4 21. cxd4 Qc2 22. Nf5 Bf8 23. Rfc1 Qxa2 24. dxe5 Nxe5 25. Ra1 Qb2 26. Bd4 Qb4 27. Bc3 Qb8 28. Rab1 Qd8 29. Qg3 Nh5 30. Nxh6+ Kh7 31. Qh3 Nf4 32. Qf5+ g6 33. Qxf4 Bxh6 34. Qg3 d4 35. Bb4 Nd3 36. Rc2 Nxb4 37. Rxb4 Qa5 38. Rxd4 Rad8 39. Qf2 Rxd4 40. Qxd4 Rd8 0-1

[Event "Oberliga Ost-A 0405"]
[Site "Germany"]
[Date "2005.01.15"]
[Round "6.5"]
[White "Baer, Soeren"]
[Black "Gerhardt, Frank"]
[Result "0-1"]
[WhiteElo "2096"]
[BlackElo "2134"]
[PlyCount "110"]
[EventDate "2004.10.10"]
[EventType "team-tourn"]
[EventRounds "11"]
[EventCountry "GER"]
[SourceTitle "EXT 2006"]
[Source "ChessBase"]
[SourceDate "2005.11.24"]
[SourceVersion "1"]
[SourceVersionDate "2005.11.24"]
[SourceQuality "1"]
[WhiteTeam "Leipzig Lok II"]
[BlackTeam "Liebschwitz"]
[WhiteTeamCountry "GER"]
[BlackTeamCountry "GER"]

1. d4 Nf6 2. Nf3 g6 3. g3 Bg7 4. Bg2 0-0 5. 0-0 d5 6. Ne5 c6 7. c4 Nbd7 8. f4 Ne4 9. cxd5 cxd5 10. Nc3 Nxc3 11. bxc3 Nb6 12. Be3 Be6 13. Rc1 Rc8 14. Bf2 Nc4 15. Nxc4 Rxc4 16. Qb3 Qc7 17. e3 Rc8 18. Be1 a6 19. Rf2 b5 20. Bf1 Rc6 21. a4 bxa4 22. Qxa4 Rb8 23. Ra2 Bd7 24. Qd1 Qd6 25. Rca1 Bc8 26. Qa4 Qe6 27. Re2 Rcb6 28. Bf2 Bd7 29. Qd1 Bb5 30. Rea2 Qc6 31. Bg2 Bc4 32. Ra5 Rb2 33. h3 e6 34. Rc5 Qb6 35. e4 Bf8 36. Rca5 Rb1 37. Rxb1 Qxb1 38. Ra1 Qxd1+ 39. Rxd1 Rb3 40. Be1 a5 41. Ra1 Ra3 42. Rb1 a4 43. Rb8 Rb3 44. Ra8 a3 45. Bf1 Bxf1 46. Kxf1 Rb2 47. e5 a2 48. g4 Kg7 49. Ra7 Be7 50. g5 Bd8 51. h4 Kf8 52. Ra8 Ke8 53. Ra7 Bc7 54. c4 dxc4 55. Bc3 Rc2 0-1

[Event "Oberliga Ost-A 0405"]
[Site "Germany"]
[Date "2004.11.14"]
[Round "3.5"]
[White "Will, Matthias"]
[Black "Gerhardt, Frank"]
[Result "1/2-1/2"]
[WhiteElo "2061"]
[BlackElo "2134"]
[PlyCount "36"]
[EventDate "2004.10.10"]
[EventType "team-tourn"]
[EventRounds "11"]
[EventCountry "GER"]
[SourceTitle "EXT 2006"]
[Source "ChessBase"]
[SourceDate "2005.11.24"]
[SourceVersion "1"]
[SourceVersionDate "2005.11.24"]
[SourceQuality "1"]
[WhiteTeam "Naumburg"]
[BlackTeam "Liebschwitz"]
[WhiteTeamCountry "GER"]
[BlackTeamCountry "GER"]

1. d4 g6 2. Nf3 Nf6 3. Bf4 Bg7 4. e3 d6 5. h3 0-0 6. Be2 Nbd7 7. 0-0 Qe8 8. Bh2 e5 9. Nbd2 Qe7 10. Nc4 Ne8 11. dxe5 dxe5 12. c3 e4 13. Nd4 Ne5 14. Qc2 Nxc4 15. Bxc4 Be5 16. a4 Nd6 17. Ba2 a6 18. Ne2 Bxh2+ 1/2-1/2